Biblioteca

¿Como llego a fin de mes? (Registro nro. 69054)

Detalles MARC
000 -LÍDER
Campo fijo de descripción fija 02120aam a2200361 i 4500
001 - NÚMERO DE CONTROL
Campo de control 768714001
003 - IDENTIFICADOR DEL NÚMERO DE CONTROL
Campo de control CO-MdFUSB
005 - FECHA Y HORA DE LA ULTIMA TRANSACCIÓN
control field 20231128154252.0
007 - CAMPO FIJO DE DESCRIPCIÓN FIJA--INFORMACIÓN GENERAL
Campo fijo de descripción fija ta
008 - ELEMENTOS DE LONGITUD FIJA -- INFORMACIÓN GENERAL
Campo fijo de descripción fija -- Información general 230926t20002007flua||ag |||| 00| 0 spa d
020 ## - NÚMERO INTERNACIONAL NORMALIZADO PARA LIBROS
Número Internacional Normalizado del libro 9780881135640
040 ## - FUENTE DE CATALOGACIÓN
Agencia de catalogación original CO-MdFUSB
Idioma de catalogación spa
Agencia que realiza la transcripción CO-MdFUSB
Agencia que realiza la modificación CO-MdFUSBC
Convenciones de la descripción rda
041 ## - CÓDIGO DE IDIOMA
Código de idioma para texto/pista de sonido o título separado spa
082 ## - NÚMERO DE CLASIFICACIÓN DECIMAL DEWEY
Número de la edición del Dewey 23
Número de clasificación 332.024
Clave de autor-Numero de item P187
100 ## - ASIENTO PRINCIPAL--NOMBRE PERSONAL
Nombre personal Panasiuk, Andrés,
Término relacionador autor
245 ## - TÍTULO
Título del Material ¿Como llego a fin de mes?
Mención de responsabilidad, etc. / Andrés Panasiuk
264 #1 - PRODUCCIÓN, PUBLICACIÓN, DISTRIBUCIÓN, MANUFACTURA, Y COPYRIGHT
Lugar de producción, publicación, distribución, manufactura Florida :
Nombre del productor, publicador, distribuidor Grupo Nelson,
Fecha de producción, publicación, distribución, manufactura, o copyright [2000]
264 #4 - PRODUCCIÓN, PUBLICACIÓN, DISTRIBUCIÓN, MANUFACTURA, Y COPYRIGHT
Fecha de producción, publicación, distribución, manufactura, o copyright ©2000
300 ## - DESCRIPCIÓN FÍSICA
Extensión 281 páginas
Dimensiones ; 22 cm.
336 ## - TIPO DE CONTENIDO
Fuente rdacontent
Término de tipo de contenido texto
Código de tipo de contenido txt
337 ## - TIPO DE MEDIO
Fuente rdamedia
Nombre del tipo de medio sin mediación
Código del tipo de medio n
338 ## - TIPO DE SOPORTE
Fuente rdacarrier
Nombre del tipo de soporte volumen
Código Tipo de soporte nc
505 ## - NOTA DE CONTENIDO
Título Parte I. Secretos para ganar:
Nota de contenido con formato preestablecido Secretos para ganar una actitud diferente. -- Secretos para ganar un carácter maduro -- Secretos para ganar un plan eficaz.
505 ## - NOTA DE CONTENIDO
Título Parte II. Ingredientes del éxito:
Nota de contenido con formato preestablecido Ingredientes del exito. -- Prepare un plan económico -- Ingredientes del exito. establezca un estilo -- Ingredientes del exito. sea fiel a sus principios hasta las últimas consecuencias -- Ingredientes del exito. pague sus préstamos -- Ingredientes del exito. prepárese para la edad madura -- Ingredientes del exito. planee la distribución de su herencia.
505 ## - NOTA DE CONTENIDO
Título Parte III. Sabiduría popular.
520 ## - NOTA DE RESUMEN, ETC.
Nota de sumario, etc. Por fin un libro que no solamente promete cambiar nuestras finanzas, ¡sino también nuestras vidas!<br/>Hoy tienes la decisión en tus manos: continuar viviendo como lo has hecho hasta ahora, o moverte a un nuevo nivel de pensamientos que cambiara realmente (y para siempre) tu manera de enfrentarte a la vida económica.<br/>Esta obra ofrece un método para alcanzar la prosperidad personal y la seguridad financiera. parte de una lista de principios para manejar efectivamente las finanzas, tales como:<br/>Comprender el manejo de un presupuesto<br/>Aprender a vivir dentro de los ingresos<br/>Manejar los principios del ahorro.
563 ## - NOTA DE ENCUADERNACIÓN
Nota de encuadernación Rústico
653 ## - TÉRMINO DE INDIZACIÓN - NO CONTROLADO
Término no controlado Finanzas personales
653 ## - TÉRMINO DE INDIZACIÓN - NO CONTROLADO
Término no controlado Administración financiera
653 ## - TÉRMINO DE INDIZACIÓN - NO CONTROLADO
Término no controlado Mayordomía
942 ## - TIPO DE MATERIAL (KOHA)
Tipo de Item KOHA Libros General
945 ## - INFORMACIÓN LOCAL DEL REGISTRO
Catalogador sor1564
Existencias
Estado de Material Estado de Perdido Forma de Clasificación Estado de Dañado No para Préstamo Colección Biblioteca de Origen Biblioteca Permanente Fecha de Adquisición Área Total de Préstamos Signatura Topográfica Código de Barras Última vez visto Ejemplar/Existencia Fecha de Remplazo Tipo de Material
    Dewey Decimal Classification     Colección General Biblioteca FUSBC Biblioteca FUSBC 26/09/2023 TEOLOGÍA CRISTIANA   G 332.024 P187c 22545 26/09/2023 Ej. 1 26/09/2023 Libros General

Biblioteca FUSBC | Teléfono: (57+4) 349 88 10 Ext. 141| WhatsApp (+57) 3005338115 
E-mail: biblioteca@unisbc.edu.co | Calle 76 87-14 Robledo Palenque, Medellín, Colombia

Con tecnología Koha